[Event "Olympiad-44"]
[Site "Chennai"]
[Date "2022.08.07"]
[Round "9.2"]
[White "Bluebaum, Matthias"]
[Black "Stremavicius, Titas"]
[Result "1-0"]
[WhiteElo "2673"]
[BlackElo "2532"]
[PlyCount "145"]
[EventDate "2022.07.29"]
[EventType "team-swiss"]
[EventRounds "11"]
[EventCountry "IND"]
[SourceTitle "EXT 2023"]
[Source "ChessBase"]
[SourceDate "2022.10.05"]
[SourceVersion "1"]
[SourceVersionDate "2022.10.05"]
[SourceQuality "1"]
[WhiteTeam "Germany"]
[BlackTeam "Lithuania"]
[WhiteTeamCountry "GER"]
[BlackTeamCountry "LTU"]

1. Nf3 d5 2. g3 Nf6 3. Bg2 b5 4. O-O e6 ({RR} 4... Bb7 5. c3 Nbd7 6. a4 a6 7. d4 e6 8. Bg5 c5 9. axb5 axb5 10. Rxa8 Qxa8 11. Na3 b4 12. cxb4 cxb4 13. Nc2 Ne4 14. Bf4 Be7 15. Ne5 Nxe5 16. Bxe5 O-O 17. f3 Nd6 18. Nxb4 Nc4 19. Nc2 {Salem,A (2690)-Adly,A (2596) Sharjah 2022 ½-½}) 5. d3 Be7 6. e4 dxe4 7. dxe4 $146 ({RR} 7. Ng5 Bb7 8. Nc3 Qc8 9. Nxb5 exd3 10. Qxd3 Bxg2 11. Kxg2 Qb7+ 12. Qf3 Qxf3+ 13. Nxf3 Na6 14. c4 Ne4 15. Be3 Nd6 16. Rac1 Nf5 17. Bf4 c6 18. g4 cxb5 19. cxb5 Nh4+ 20. Nxh4 Nb4 21. Nf3 Nd3 {Ivanov,V (2460)-Anjuhin,A (2335) St Petersburg 1997 0-1 (46)}) 7... Qxd1 8. Rxd1 Bb7 9. Nd4 a6 10. e5 Nd5 11. c4 bxc4 12. Nd2 c3 13. bxc3 Nc6 14. Nxc6 Bxc6 15. Nb3 Rb8 16. Na5 Ba4 17. Rd4 Bd7 18. c4 Bb4 19. Bd2 Bxd2 20. Rxd2 Ne7 21. Bb7 g5 22. c5 Nd5 23. c6 Bc8 24. Rd4 Ke7 25. h4 Rg8 26. Rg4 h6 27. Re1 f5 28. Rd4 g4 29. Kg2 Nc3 30. Rc4 Nd5 31. Rb1 Rd8 32. Rd4 h5 33. Rb2 Rf8 34. f4 gxf3+ 35. Kxf3 Rg8 36. Rb3 Rf8 37. Ra4 Rg8 38. Rc4 Kf7 39. Kf2 Ke7 40. Ra4 Rg7 41. Rc4 Rg8 42. Rb2 Rd8 43. Rd4 Rg8 44. Nc4 Rd8 45. Rd3 Rg8 46. Rd4 Rd8 47. Rb3 Rg8 48. Kf3 Rf8 49. Nb2 Nb6 50. Nd3 Rxb7 51. cxb7 Bxb7+ 52. Kf2 Bd5 53. Ra3 Ra8 54. Ra5 Nd7 55. Rda4 Nb6 56. Rd4 Nd7 57. Nf4 c6 58. Nd3 c5 59. Nxc5 Nxe5 60. Nxe6 Ng4+ 61. Rxg4 fxg4 62. Rxd5 Kxe6 63. Rxh5 Rf8+ 64. Kg2 Rc8 65. Ra5 Rc2+ 66. Kg1 Rc6 67. Ra4 Ke5 68. Rxg4 Rc1+ 69. Kg2 Rc2+ 70. Kh3 Rxa2 71. Rf4 a5 72. Kg4 Ke6 73. h5 1-0

[Event "Olympiad-44"]
[Site "Chennai"]
[Date "2022.08.08"]
[Round "10.3"]
[White "Jones, Gawain C B"]
[Black "Sonis, Francesco"]
[Result "1-0"]
[WhiteElo "2652"]
[BlackElo "2543"]
[PlyCount "99"]
[EventDate "2022.07.29"]
[EventType "team-swiss"]
[EventRounds "11"]
[EventCountry "IND"]
[SourceTitle "EXT 2023"]
[Source "ChessBase"]
[SourceDate "2022.10.05"]
[SourceVersion "1"]
[SourceVersionDate "2022.10.05"]
[SourceQuality "1"]
[WhiteTeam "England"]
[BlackTeam "Italy"]
[WhiteTeamCountry "ENG"]
[BlackTeamCountry "ITA"]

1. Nf3 d5 2. g3 Nd7 3. Bg2 e5 4. d3 Ngf6 5. O-O Bc5 6. Nxe5 Nxe5 7. d4 Bd6 8. dxe5 Bxe5 9. c4 ({RR} 9. Nd2 O-O 10. c4 c6 11. cxd5 Nxd5 12. Nc4 Bc7 13. e4 Nb4 14. Qb3 a5 15. Bd2 Qe7 16. a3 Na6 17. Qe3 Qc5 18. Rac1 Qxe3 19. Bxe3 Be6 20. f4 Rad8 21. Rf2 Rd3 22. Re2 Rfd8 23. Kf2 b5 {Hiwale,R (1996)-Slade,T (2109) Philadelphia USA 2024 1-0 (47)}) 9... dxc4 10. Qc2 O-O $146 ({RR} 10... Be6 11. Bxb7 Rb8 12. Bc6+ Kf8 13. Rd1 Qe7 14. Nd2 Qc5 15. Bg2 h5 16. Nf3 Ng4 17. e3 h4 18. h3 Nxf2 19. Qxf2 hxg3 20. Qe2 Bd6 21. h4 Re8 22. Rd4 Qh5 23. Bd2 Be5 24. Rxc4 Bxc4 25. Qxc4 {Ilamparthi,A (2408)-Grover,S (2509) Budapest HUN 2023 0-1 (57)}) 11. Na3 c6 12. Nxc4 Bc7 13. b3 Be6 14. Rd1 Bd5 15. Bb2 Re8 16. Rac1 b5 17. Ne3 Bb6 18. Nxd5 cxd5 19. e3 Qd6 20. Bxf6 Qxf6 21. Rxd5 g6 22. Rxb5 Rad8 23. Rd5 Kg7 24. b4 h5 25. a4 Rxd5 26. Bxd5 Re5 27. Rd1 a5 28. b5 Rf5 29. Be4 Rc5 30. Qd3 Re5 31. Bg2 h4 32. Qd6 Re6 33. Qf4 hxg3 34. Qxf6+ Kxf6 35. hxg3 Ke7 36. Bd5 Rd6 37. Kf1 g5 38. g4 f6 39. Ke2 Rd8 40. Kf3 Kd6 41. Be4+ Ke5 42. Rc1 Rd7 43. Rc6 Rd6 44. Rc4 Ke6 45. Bb7 Ke7 46. Bc8 Rd5 47. Rc6 Rd6 48. Ke4 Rxc6 49. bxc6 Bc7 50. Kf5 1-0

[Event "Chess.com Rapid Wk23 Swiss"]
[Site "Chess.com INT"]
[Date "2022.07.30"]
[Round "1"]
[White "Tabatabaei, Mohammad Amin"]
[Black "Suleymanli, Aydin Elshan"]
[Result "1-0"]
[WhiteElo "2664"]
[BlackElo "2541"]
[PlyCount "191"]
[EventDate "2022.07.30"]
[EventType "swiss (rapid)"]
[EventRounds "9"]
[EventCountry "USA"]
[SourceTitle "CBM 209 Extra"]
[Source "ChessBase"]
[SourceDate "2022.09.30"]
[SourceVersion "1"]
[SourceVersionDate "2022.09.30"]
[SourceQuality "1"]

1. b3 Nf6 2. Bb2 d5 3. Nf3 Bf5 4. g3 e6 5. Bg2 Nbd7 6. O-O a5 7. a3 h6 8. d3 Be7 9. Nbd2 O-O 10. Re1 c6 11. e4 Bh7 12. Qe2 a4 $146 ({RR} 12... Nc5 13. exd5 cxd5 14. Nd4 Qb6 15. Rab1 Ncd7 16. a4 Rac8 17. Rec1 Bc5 18. Nb5 e5 19. Bh3 Rce8 20. Re1 Bb4 21. Red1 Nb8 22. Nf1 Nc6 23. c3 Bc5 24. Qd2 d4 25. cxd4 exd4 26. Qf4 Nd5 27. Qf3 {Ackermann,H (2333)-Bruchmann,S (2304) Germany 2015 0-1 (57)}) 13. b4 c5 14. b5 c4 15. exd5 cxd3 16. cxd3 Nxd5 17. Nc4 Nc5 18. Nfe5 Bf6 19. Rad1 Rc8 20. h4 Nb3 21. Be4 Rc7 22. Qf3 Rc5 23. b6 Nxb6 24. Nxb6 Bxe5 25. Bxh7+ Kxh7 26. d4 Nxd4 27. Qd3+ Kg8 28. Nxa4 Rd5 29. Nc3 Nc6 30. Nxd5 Bxb2 31. Nb4 Qxd3 32. Rxd3 Na5 33. Re2 Bf6 34. Rc2 Ra8 35. Rd7 h5 36. Nd3 b6 37. Rcc7 Bd8 38. Ra7 Rxa7 39. Rxa7 Bf6 40. Nf4 g6 41. Ne2 Be5 42. Ra6 Nc4 43. a4 Nb2 44. Kg2 Kg7 45. Kf3 Bf6 46. Nf4 Bc3 47. Rxb6 Nxa4 48. Rc6 Be5 49. Ne2 Bf6 50. Ke4 Be7 51. Kd4 Bf6+ 52. Kd3 Be7 53. Kc4 Nb2+ 54. Kd4 Nd1 55. f3 Bf6+ 56. Kd3 Nf2+ 57. Ke3 Nd1+ 58. Kd2 Nb2 59. Kc2 Na4 60. Nc1 Bd8 61. Rc8 Be7 62. Rc6 Nc5 63. Ne2 Bf8 64. Kd2 Nd7 65. f4 Nf6 66. Ke3 Ng4+ 67. Kf3 Nh2+ 68. Kg2 Ng4 69. Nd4 e5 70. Nf3 exf4 71. gxf4 Ne3+ 72. Kh3 Nf5 73. Ne5 Bd6 74. Ra6 Kf8 75. Ra8+ Kg7 76. Ra7 Kf6 77. Nxf7 Bxf4 78. Nh8 g5 79. hxg5+ Kxg5 80. Ra6 Be3 81. Nf7+ Kf4 82. Ra4+ Bd4 83. Nd8 Ke4 84. Ne6 Ke5 85. Ng5 Kf4 86. Ne6+ Ke5 87. Nd8 Ke4 88. Nc6 Kd5 89. Nb4+ Kc4 90. Na6+ Kb5 91. Ra2 Be5 92. Nb8 Bxb8 93. Rb2+ Kc6 94. Rxb8 Nd6 95. Ra8 Kd5 96. Ra6 1-0

[Event "Chess.com Rapid Wk23 Swiss"]
[Site "Chess.com INT"]
[Date "2022.07.30"]
[Round "5"]
[White "Nakamura, Hikaru"]
[Black "Kravtsiv, Martyn"]
[Result "1-0"]
[WhiteElo "2760"]
[BlackElo "2598"]
[PlyCount "105"]
[EventDate "2022.07.30"]
[EventType "swiss (rapid)"]
[EventRounds "9"]
[EventCountry "USA"]
[SourceTitle "CBM 209 Extra"]
[Source "ChessBase"]
[SourceDate "2022.09.30"]
[SourceVersion "1"]
[SourceVersionDate "2022.09.30"]
[SourceQuality "1"]

1. Nf3 d5 2. e3 Nf6 3. b3 e6 4. Bb2 Be7 5. g3 O-O 6. Bg2 b6 ({RR} 6... c5 7. O-O Nc6 8. d3 b6 9. Nbd2 Bb7 10. Re1 Nd7 11. e4 d4 12. h4 b5 13. a3 Rc8 14. Qe2 Qc7 15. Bc1 Nb6 16. Ng5 h6 17. Nh3 c4 18. bxc4 bxc4 19. Nf4 Ne5 20. Nf3 cxd3 21. cxd3 {Radjabov,T (2765)-So,W (2770) chess24.com INT 2020 ½-½ (34)}) ({RR} 6... Nfd7 7. O-O Bf6 8. d4 c5 9. c4 Nc6 10. Nc3 cxd4 11. Nxd4 Nxd4 12. exd4 dxc4 13. bxc4 Nb6 14. Ne4 Nxc4 15. Nxf6+ Qxf6 16. Bc3 Rb8 17. Qb3 b5 18. d5 Qh6 19. Bb4 Rd8 20. Rad1 exd5 21. Bxd5 {Ajay,K (2386)-Salimova,A (2050) chess.com INT 2025 0-1 (35)}) ({RR} 6... c5 7. d4 Nc6 8. O-O cxd4 9. exd4 b6 10. Nbd2 Bb7 11. Re1 Rc8 12. a3 b5 13. Bf1 a6 14. Bd3 h6 15. b4 Nd7 16. Nb3 Nb6 17. Nc5 Qc7 18. c3 Nc4 19. Bc1 Bd6 20. a4 e5 21. axb5 {Nakamura,H (2750)-Rastbod,A (2345) Chess.com INT 2022 1-0 (66)}) 7. O-O Bb7 8. d3 a5 $146 ({RR} 8... Nbd7 9. Nbd2 c5 10. Qe2 Rc8 11. e4 d4 12. a4 a6 13. c3 e5 14. Nc4 Qc7 15. cxd4 exd4 16. Bc1 b5 17. Bf4 Qd8 18. Nd6 Bxd6 19. Bxd6 Re8 20. axb5 axb5 21. Bh3 Ra8 22. Qc2 c4 23. bxc4 {Garv,G (1990)-Putri,R (1863) chess.com INT 2023 1-0}) 9. a3 c5 10. a4 Na6 11. Na3 Nb4 12. Nb5 Ne8 13. Qe2 Nc7 14. e4 Nxb5 15. axb5 d4 16. Ne5 Qe8 17. f4 Qxb5 18. f5 f6 19. Nc4 e5 20. g4 Qc6 21. g5 Ba6 22. gxf6 Bxf6 23. Bc1 Bxc4 24. bxc4 a4 25. Kh1 b5 26. cxb5 Qxb5 27. Ba3 Rfc8 28. Rg1 Rab8 29. Bf1 Qc6 30. Bc1 Na6 31. Qg4 Rc7 32. Ba3 Nb4 33. Qe2 Rcb7 34. Qd2 Kh8 35. c3 dxc3 36. Qxc3 Rc7 37. Be2 Nd5 38. exd5 Qxd5+ 39. Rg2 e4 40. d4 Qxd4 41. Qxd4 Bxd4 42. Rd1 Rb3 43. Rg3 e3 44. Bxc5 Rxc5 45. Rxd4 Kg8 46. Bc4+ Rxc4 47. Rxc4 a3 48. f6 g6 49. Rf3 Rb8 50. f7+ Kf8 51. Re4 a2 52. Re8+ Rxe8 53. fxe8=Q+ 1-0

[Event "Titled Tuesday intern op 02nd Aug Early"]
[Site "Chess.com INT"]
[Date "2022.08.02"]
[Round "3"]
[White "Nakamura, Hikaru"]
[Black "Beerdsen, Thomas"]
[Result "1-0"]
[WhiteElo "2768"]
[BlackElo "2513"]
[PlyCount "86"]
[EventDate "2022.08.02"]
[EventType "swiss (blitz)"]
[EventRounds "11"]
[EventCountry "USA"]
[SourceTitle "EXT 2023"]
[Source "ChessBase"]
[SourceDate "2022.10.05"]
[SourceVersion "1"]
[SourceVersionDate "2022.10.05"]
[SourceQuality "1"]

1. Nf3 h6 2. e4 g5 3. d4 Bg7 4. Bc4 ({RR} 4. h3 d6 5. Bd3 c5 6. c3 Qc7 7. Be3 Nd7 8. Nbd2 Ngf6 9. Nf1 Nh5 10. g3 Nhf6 11. g4 b6 12. Ng3 Bb7 13. Qc2 a6 14. Qe2 e6 15. Nd2 b5 16. h4 gxh4 17. Rxh4 Nb6 18. dxc5 dxc5 {Grigoriants,S (2587)-Rapport,R (2720) Reykjavik 2016 ½-½}) 4... e6 5. c3 $146 ({RR} 5. O-O Ne7 6. Re1 Ng6 7. e5 d5 8. Bd3 Ne7 9. h4 g4 10. Nh2 h5 11. Bg5 c5 12. c3 Nbc6 13. Na3 a6 14. Nc2 Qb6 15. Rb1 cxd4 16. cxd4 Bd7 17. Be3 f6 18. exf6 Bxf6 19. Nf1 Bxh4 {Di Nicolantonio,L (2383)-Beerdsen,T (2514) Chess.com INT 2022 0-1 (32)}) ({RR} 5. O-O Ne7 6. c3 Ng6 7. Nbd2 g4 8. Ne1 h5 9. f4 d5 10. exd5 exd5 11. Bd3 f5 12. Bc2 c5 13. dxc5 d4 14. Nb3 Nc6 15. Nd3 dxc3 16. bxc3 Bxc3 17. Bb2 Bxb2 18. Nxb2 Qf6 19. Qe2+ Kf7 {Bayaca,S (2186)-Zverev,L (2416) chess.com INT 2024 0-1}) 5... d6 6. Nbd2 Ne7 7. Nf1 g4 8. Ng1 h5 9. h3 d5 10. Bd3 dxe4 11. Bxe4 f5 12. Bc2 Nbc6 13. Bg5 e5 14. hxg4 exd4 15. gxh5 Qd5 16. h6 Be6 17. Bb3 Qe4+ 18. Qe2 Bxb3 19. axb3 dxc3 20. Qxe4 fxe4 21. O-O-O cxb2+ 22. Kb1 Be5 23. Ne2 a5 24. Ne3 a4 25. Nc4 axb3 26. Nxe5 Nxe5 27. Kxb2 Nd3+ 28. Rxd3 exd3 29. Nf4 Ra2+ 30. Kxb3 Rxf2 31. Re1 Rxf4 32. Rxe7+ Kf8 33. Rxc7 Re4 34. Bf6 d2 35. Kc2 Rxh6 36. Bg7+ Ke8 37. Bxh6 Rg4 38. Rg7 Rc4+ 39. Kxd2 b5 40. Kd3 Rc6 41. Bd2 Rd6+ 42. Kc2 Rc6+ 43. Kd1 Rc7 1-0

[Event "Titled Tuesday intern op 02nd Aug Late"]
[Site "Chess.com INT"]
[Date "2022.08.02"]
[Round "11"]
[White "Nakamura, Hikaru"]
[Black "Chigaev, Maksim"]
[Result "1-0"]
[WhiteElo "2760"]
[BlackElo "2632"]
[PlyCount "163"]
[EventDate "2022.08.02"]
[EventType "swiss (blitz)"]
[EventRounds "11"]
[EventCountry "USA"]
[SourceTitle "EXT 2023"]
[Source "ChessBase"]
[SourceDate "2022.10.05"]
[SourceVersion "1"]
[SourceVersionDate "2022.10.05"]
[SourceQuality "1"]

1. e4 e6 2. d3 d5 3. Nd2 c5 4. Ngf3 Nc6 5. g3 Nf6 6. Bg2 g6 7. O-O Bg7 8. c3 O-O 9. e5 Nd7 10. d4 a5 11. Re1 cxd4 12. cxd4 f6 13. exf6 Qxf6 14. Qe2 a4 $146 ({RR} 14... Nxd4 15. Nxd4 Qxd4 16. Qxe6+ Kh8 17. Nf3 Qb4 18. Qxd5 Nf6 19. Qb3 Bf5 20. Qxb4 axb4 21. Bd2 b3 22. axb3 Rxa1 23. Rxa1 Ne4 24. Bb4 Rc8 25. Re1 g5 26. Nd2 Nxd2 27. Bxd2 h6 28. Bxb7 Rc2 29. Bc3 {Kozionov,K (2452)-Pavlov,O (2145) Sochi 2018 1-0 (55)}) 15. Nf1 Nxd4 16. Nxd4 Qxd4 17. Qxe6+ Kh8 18. Be3 Qxb2 19. Qxd5 Nf6 20. Qd4 Ng4 21. Qxb2 Bxb2 22. Rab1 Nxe3 23. Rxb2 Nxg2 24. Kxg2 a3 25. Rd2 b5 26. Rb1 Rb8 27. Rb4 Be6 28. Ne3 Rfd8 29. Re2 Kg7 30. g4 Bg8 31. h4 Rd3 32. Rc2 Rb7 33. Kf3 Be6 34. Ke2 Rd8 35. f4 Re7 36. Kf2 Rd3 37. Re4 Kf8 38. Ke2 Rd8 39. Kf3 Rd3 40. Ke2 Rd8 41. Re5 b4 42. Rb5 Bf7 43. Rxb4 Rde8 44. Rc3 Bxa2 45. Rxa3 Bf7 46. Kf3 Rc7 47. Rd3 Rec8 48. g5 Rc3 49. Rxc3 Rxc3 50. Ke4 Rc7 51. Rb8+ Kg7 52. f5 gxf5+ 53. Nxf5+ Kg6 54. Rb6+ Kh5 55. Rh6+ Kg4 56. Ne3+ Kg3 57. h5 Re7+ 58. Kf5 Rxe3 59. Rxh7 Rf3+ 60. Ke5 Bxh5 61. g6 Bxg6 62. Rg7 Rf5+ 63. Ke6 Rg5 64. Kf6 Rg4 65. Rg8 Bh5 66. Rb8 Bg6 67. Rb5 Kf4 68. Rb6 Be4 69. Rd6 Rg6+ 70. Kf7 Rg7+ 71. Kxg7 Ke5 72. Rf6 Kd4 73. Kh6 Bb1 74. Kg5 Kc3 75. Kf4 Kb2 76. Ke3 Ka1 77. Rb6 Ba2 78. Kd4 Bb1 79. Kc3 Ba2 80. Kc2 Bc4 81. Rb1+ Ka2 82. Rb4 1-0

[Event "Chess.com Rapid Wk24 Swiss"]
[Site "Chess.com INT"]
[Date "2022.08.06"]
[Round "2"]
[White "Yoo, Christopher Woojin"]
[Black "Rychagov, Andrey"]
[Result "1-0"]
[WhiteElo "2567"]
[BlackElo "2547"]
[PlyCount "71"]
[EventDate "2022.08.06"]
[EventType "swiss (rapid)"]
[EventRounds "9"]
[EventCountry "USA"]
[SourceTitle "CBM 209 Extra"]
[Source "ChessBase"]
[SourceDate "2022.09.30"]
[SourceVersion "1"]
[SourceVersionDate "2022.09.30"]
[SourceQuality "1"]

1. e4 e6 2. d3 d5 3. Nd2 c5 4. g3 Nc6 5. Bg2 Nf6 6. Ngf3 g6 7. O-O Bg7 8. c3 O-O 9. e5 Nd7 10. d4 Qb6 11. Nb3 cxd4 12. cxd4 a5 13. a4 f6 14. exf6 Nxf6 15. Be3 Ne4 16. Ne5 $146 ({RR} 16. Qd3 Nd6 17. Rfc1 Nc4 18. Nfd2 Nxe3 19. fxe3 Bh6 20. Nc5 Nb4 21. Qe2 Qd6 22. Nd3 b6 23. Nf4 Bd7 24. Nf3 Bg7 25. b3 Rac8 26. Qd2 Rxc1+ 27. Rxc1 Rc8 28. Rxc8+ Bxc8 29. Qc3 Bd7 30. h4 Bf6 {Khotenashvili,B (2420)-Hrebenshchykova,Y (2280) Monaco MNC 2025 1-0 (56)}) 16... Nd6 17. Rc1 Nf5 18. Nxc6 bxc6 19. Re1 Rb8 20. Rc3 Qb4 21. Qc2 c5 22. Nxc5 Nxd4 23. Bxd4 Bxd4 24. Nd3 Qb6 25. Rc6 Qb3 26. Bh3 Qxc2 27. Rxc2 e5 28. Bg2 e4 29. Nf4 Rxb2 30. Rxb2 Bxb2 31. Nxd5 Bd4 32. Re2 Ba6 33. Rd2 Bd3 34. Nf4 Bc3 35. Rd1 Rd8 36. Bxe4 1-0

[Event "Titled Tuesday intern op 09th Aug Late"]
[Site "Chess.com INT"]
[Date "2022.08.09"]
[Round "9"]
[White "Lobanov, Sergei"]
[Black "Alekseenko, Kirill"]
[Result "1-0"]
[WhiteElo "2531"]
[BlackElo "2707"]
[PlyCount "71"]
[EventDate "2022.08.09"]
[EventType "swiss (blitz)"]
[EventRounds "11"]
[EventCountry "USA"]
[SourceTitle "EXT 2023"]
[Source "ChessBase"]
[SourceDate "2022.10.05"]
[SourceVersion "1"]
[SourceVersionDate "2022.10.05"]
[SourceQuality "1"]

1. Nf3 d5 2. e3 Bg4 3. c4 dxc4 4. Bxc4 e6 5. O-O Nf6 6. b3 a6 7. Bb2 Nc6 8. d4 Bd6 9. Nbd2 O-O 10. Be2 Qe7 11. h3 Bh5 12. Ne5 $146 ({RR} 12. Nc4 Rad8 13. Rc1 Nb4 14. a3 Nbd5 15. b4 c6 16. Nfd2 Bxe2 17. Qxe2 Bb8 18. Nb3 Ne8 19. Nc5 f5 20. g3 Rf6 21. e4 fxe4 22. Qxe4 Rh6 23. Kg2 Qf7 24. Ne5 Qh5 25. Qg4 Bxe5 26. dxe5 Rb8 {Malakhov,V (2642)-Egorov,E (2220) chess.com INT 2024 1-0 (55)}) 12... Bxe2 13. Qxe2 Bxe5 14. dxe5 Nd5 15. f4 Rfd8 16. Ne4 Ndb4 17. Rf3 Nd3 18. Bc3 Kh8 19. Rg3 Nc5 20. Qg4 Rg8 21. Ng5 h6 22. Qh5 Rgf8 23. Rf1 Kg8 24. f5 exf5 25. Rxf5 Ne6 26. Ne4 Rfd8 27. Qxh6 Qa3 28. Rxg7+ Nxg7 29. Rg5 Kf8 30. Rxg7 Ke7 31. e6 Rf8 32. Qf6+ Ke8 33. Rxf7 Rd8 34. Qg7 Qc1+ 35. Kh2 Qxe3 36. Nf6# 1-0

[Event "Chess.com Rapid Wk25 Swiss"]
[Site "Chess.com INT"]
[Date "2022.08.13"]
[Round "2"]
[White "Vasquez Schroder, Rodrigo Rafael"]
[Black "Sarana, Alexey"]
[Result "1-0"]
[WhiteElo "2506"]
[BlackElo "2662"]
[PlyCount "145"]
[EventDate "2022.08.13"]
[EventType "swiss (rapid)"]
[EventRounds "9"]
[EventCountry "USA"]
[SourceTitle "CBM 209 Extra"]
[Source "ChessBase"]
[SourceDate "2022.09.30"]
[SourceVersion "1"]
[SourceVersionDate "2022.09.30"]
[SourceQuality "1"]

1. d4 Nf6 2. Nf3 e6 3. e3 d5 4. Bd3 c5 5. b3 cxd4 6. exd4 Be7 7. Bb2 ({RR} 7. O-O O-O 8. Nbd2 b6 9. Qe2 a5 10. Bb2 Ba6 11. c4 Nc6 12. Rac1 Rc8 13. Rfd1 a4 14. Qe3 Ng4 15. Qe2 Nf6 16. h3 Nh5 17. Qe3 Bd6 18. g3 a3 19. Ba1 Nb4 20. Bb1 Qe7 21. Ne5 f6 {Aravindh,C (2645)-Krastev,A (2411) Dusseldorf GER 2023 ½-½ (133)}) 7... O-O 8. Nbd2 ({RR} 8. O-O b6 9. Nbd2 Ba6 10. c4 Nc6 11. a3 Rc8 12. Qe2 Qc7 13. Rac1 Qf4 14. g3 Qg4 15. Qe3 dxc4 16. bxc4 Rfe8 17. Ne5 Nxe5 18. dxe5 Nd7 19. Ne4 Qh5 20. f4 Bb7 21. Rf2 Nc5 22. Nd6 Rcd8 {Castillo Pena,P (1786)-Shishkov,A (2340) chess.com INT 2024 0-1 (62)}) 8... Nc6 9. a3 Re8 $146 ({RR} 9... Bd7 10. O-O Qc7 11. Ne5 Nxe5 12. dxe5 Ne8 13. Qh5 g6 14. Qh3 Ng7 15. f4 Nf5 16. g4 Bc5+ 17. Kh1 Ne3 18. Rf3 d4 19. Ne4 Bc6 20. Nf6+ {1-0 (20) Curran,A (1594)-Hesham,A (1543) Dos Hermanas 2004}) 10. O-O Bf8 11. Qe2 g6 12. Ne5 Bg7 13. f4 Bd7 14. Rae1 Qb6 15. Kh1 Nxd4 16. Bxd4 Qxd4 17. Ndf3 Qc5 18. Ng5 Re7 19. b4 Qc7 20. c4 Rf8 21. c5 a6 22. Rc1 Bc6 23. Rce1 Nh5 24. Nxh7 Rd8 25. Ng5 d4 26. Nexf7 Rxf7 27. Bxg6 Rf6 28. Qxh5 Bd5 29. Bh7+ Kf8 30. Be4 Rh6 31. Qg4 Bc4 32. Rf3 d3 33. Bxd3 Bxd3 34. Nxe6+ Rxe6 35. Qxe6 Bb5 36. f5 Re8 37. Qd6+ Qxd6 38. Rxe8+ Bxe8 39. cxd6 Be5 40. Rd3 Bd7 41. g4 Kf7 42. Kg1 Bf6 43. Kg2 Bb5 44. Rd2 Bc6+ 45. Kg3 Be5+ 46. Kh4 Bd7 47. Kg5 Bc3 48. Rd3 Bb2 49. h4 Bc1+ 50. Kh5 Kf6 51. g5+ Kxf5 52. Rc3 Bf4 53. Rc7 Be8+ 54. Kh6 Bxd6 55. Rxb7 Bf4 56. Re7 Bb5 57. Rf7+ Kg4 58. Kh7 Be5 59. g6 Bd3 60. Rd7 Bb1 61. Rd5 Bf6 62. h5 Bg5 63. Kh8 Ba2 64. Rd4+ Kxh5 65. g7 Bf6 66. Rd2 Bb3 67. Kh7 Bc3 68. Rh2+ Kg5 69. g8=Q+ Bxg8+ 70. Kxg8 Kf5 71. Rh6 a5 72. bxa5 Bxa5 73. Rh5+ 1-0

[Event "Chess.com Rapid Wk25 Swiss"]
[Site "Chess.com INT"]
[Date "2022.08.13"]
[Round "3"]
[White "Jumabayev, Rinat"]
[Black "Fedoseev, Vladimir1"]
[Result "1-0"]
[WhiteElo "2615"]
[BlackElo "2685"]
[PlyCount "91"]
[EventDate "2022.08.13"]
[EventType "swiss (rapid)"]
[EventRounds "9"]
[EventCountry "USA"]
[SourceTitle "CBM 209 Extra"]
[Source "ChessBase"]
[SourceDate "2022.09.30"]
[SourceVersion "1"]
[SourceVersionDate "2022.09.30"]
[SourceQuality "1"]

1. Nf3 d5 2. e3 c5 3. b3 a6 4. Bb2 Nc6 5. d4 Nf6 6. Be2 cxd4 ({RR} 6... Bg4 7. O-O e6 8. Nbd2 Bd6 9. dxc5 Bxc5 10. a3 O-O 11. b4 Ba7 12. c4 Qe7 13. h3 Bh5 14. Rc1 Rfd8 15. Ne5 Nxe5 16. Bxe5 Bxe2 17. Qxe2 dxc4 18. Nxc4 Rac8 19. Qf3 Nd5 20. Nd6 Rxc1 21. Rxc1 {Van Foreest,J (2697)-Sarana,A (2685) chess.com INT 2023 0-1 (40)}) ({RR} 6... Bg4 7. dxc5 e6 8. O-O Bxc5 9. Nbd2 O-O 10. c4 dxc4 11. Nxc4 Qe7 12. Nfd2 Bf5 13. Bf3 Bd3 14. Bxf6 gxf6 15. Re1 Nb4 16. Nb2 Bg6 17. Ne4 Rfd8 18. Qe2 Ba7 19. a3 Nd5 20. b4 f5 21. Nc5 {Atabayev,M (2492)-Jumabayev,R (2611) Doha 2016 ½-½ (66)}) 7. Nxd4 Nxd4 8. Qxd4 Bf5 9. Nc3 $146 ({RR} 9. c4 dxc4 10. Bxc4 e6 11. O-O Be7 12. Nd2 O-O 13. Be2 Qb8 14. e4 Rd8 15. Qe3 Bg6 16. Rad1 Bd6 17. f4 b6 18. Bxf6 Bc5 19. Qxc5 bxc5 20. Bxd8 Qxd8 21. f5 exf5 22. exf5 Qd4+ 23. Kh1 Re8 {Zhao,Y (2463)-Iniyan,P (2493) Dubai UAE 2024 1-0}) 9... Rc8 10. g4 Bg6 11. h4 h6 12. O-O-O e6 13. g5 hxg5 14. hxg5 Rxh1 15. Rxh1 Nd7 16. f4 Qb6 17. Rh8 Qxd4 18. exd4 f6 19. Bg4 Kf7 20. Kd2 Rc6 21. f5 Bxf5 22. Bxf5 exf5 23. g6+ Kxg6 24. Nxd5 Kf7 25. c4 g5 26. Ne3 f4 27. Nf5 Kg6 28. d5 Kxf5 29. dxc6 bxc6 30. Rh7 Ke6 31. a3 a5 32. Bc3 Nc5 33. b4 Ne4+ 34. Kd3 Nxc3 35. Kxc3 axb4+ 36. axb4 f3 37. Rh1 g4 38. Rf1 Ke5 39. b5 cxb5 40. cxb5 Bc5 41. Kd3 Kf4 42. Rc1 g3 43. Rc4+ Bd4 44. Rxd4+ Ke5 45. Rg4 f2 46. Ke2 1-0

[Event "Miami FTX Crypto Cup"]
[Site "Miami"]
[Date "2022.08.18"]
[Round "4.3"]
[White "Carlsen, Magnus"]
[Black "Le, Quang Liem"]
[Result "1-0"]
[WhiteElo "2864"]
[BlackElo "2728"]
[PlyCount "67"]
[EventDate "2022.08.15"]
[EventType "tourn (rapid)"]
[EventRounds "7"]
[EventCountry "USA"]
[SourceTitle "CBM 209 Extra"]
[Source "ChessBase"]
[SourceDate "2022.09.30"]
[SourceVersion "1"]
[SourceVersionDate "2022.09.30"]
[SourceQuality "1"]

1. Nf3 Nf6 2. g3 d5 3. Bg2 c6 4. O-O Bg4 5. h3 Bh5 6. c4 e6 7. d4 Be7 8. Nc3 O-O ({RR} 8... Nbd7 9. cxd5 cxd5 10. Qb3 Nb6 11. Ne5 O-O 12. g4 Bg6 13. h4 h6 14. Nxg6 fxg6 15. Qc2 Qe8 16. Bh3 Nh7 17. g5 hxg5 18. Bxe6+ Kh8 19. hxg5 Bxg5 20. Bg4 Bxc1 21. Qxc1 Qf7 22. Qe3 Rae8 23. Qh3 {Keinanen,T (2531)-Ronka,E (2295) Helsinki FIN 2025 1-0 (45)}) 9. Ne5 ({RR} 9. Qb3 Qb6 10. c5 Qxb3 11. axb3 Nbd7 12. b4 a6 13. Bf4 Rfe8 14. Nd2 Rac8 15. g4 Bg6 16. Bg3 Bd8 17. f4 h5 18. g5 Nh7 19. e4 dxe4 20. Ncxe4 Bc7 21. h4 Bxe4 22. Bxe4 Nhf8 23. Bf3 Ng6 {Vachier Lagrave,M (2778)-So,W (2770) chess24.com INT 2020 ½-½ (47)}) 9... Nfd7 10. cxd5 $146 ({RR} 10. g4 Nxe5 11. dxe5 Bg6 12. cxd5 cxd5 13. f4 h6 14. f5 Bh7 15. f6 gxf6 16. Bxh6 Re8 17. exf6 Bxf6 18. Qd2 Nd7 19. Kh1 Ne5 20. Qf4 Bh8 21. Bg5 Qb6 22. Bf6 Ng6 23. Qg5 Bxf6 24. Qxf6 Rf8 {Donchenko,A (2612)-Maiorov,N (2504) Riga 2018 0-1 (67)}) 10... Nxe5 11. dxe5 exd5 12. g4 Bg6 13. f4 f5 14. Be3 Na6 15. Rc1 Kh8 16. Nxd5 cxd5 17. Qxd5 b6 18. Qxa8 Qxa8 19. Bxa8 Rxa8 20. Rfd1 Kg8 21. e6 Bc5 22. Rc3 Re8 23. Rd5 Nb4 24. Rcxc5 bxc5 25. Rd6 Rc8 26. Bxc5 a5 27. a3 Nc6 28. b4 axb4 29. axb4 fxg4 30. hxg4 Be8 31. Kf2 Rb8 32. f5 Nxb4 33. g5 Rb5 34. Rd8 1-0